000 00431nam a2200145Ia 4500
008 220217s9999||||xx |||||||||||||| ||und||
020 _a9788174093066
082 _a658.382 RAO
100 _aRao, S., Jain, R.K and Saluja, H.L
245 0 _aElectrical safety, fire safety engineering and safety manage
250 _a2
260 _aKhanna publishers
_bNew Delhi
_c2018
300 _aXXI, 587p.
_b299
650 _aMANAGEMENT
999 _c188152
_d188152